| 000 -LEADER |
| fixed length control field |
01027cam a22002655a 4500 |
| 020 ## - INTERNATIONAL STANDARD BOOK NUMBER |
| ISBN |
9781479943364 |
| 020 ## - INTERNATIONAL STANDARD BOOK NUMBER |
| ISBN |
1479943363 |
| 020 ## - INTERNATIONAL STANDARD BOOK NUMBER |
| ISBN |
9781479943371 |
| 020 ## - INTERNATIONAL STANDARD BOOK NUMBER |
| ISBN |
1479943371 |
| 020 ## - INTERNATIONAL STANDARD BOOK NUMBER |
| ISBN |
9781479943388 |
| 020 ## - INTERNATIONAL STANDARD BOOK NUMBER |
| ISBN |
147994338X |
| 040 ## - CATALOGING SOURCE |
| Transcribing agency |
DLC |
| 082 ## - DEWEY DECIMAL CLASSIFICATION NUMBER |
| Classification number |
616 IEE 2014 A056 Or. |
| 245 00 - TITLE STATEMENT |
| Title |
2014 Canadian Conference on Computer and Robot Vision (CRV 2014) |
| Remainder of title |
Montreal, Quebec, Canada, 6-9 May 2014 ; [part of the 2014 AI/GI/CRV conference] |
| 246 1# - VARYING FORM OF TITLE |
| Title proper/short title |
Proceedings // Conference on Computer and Robot Vision, CRV 2014 |
| 246 30 - VARYING FORM OF TITLE |
| Title proper/short title |
Artificielle robotique |
| 260 3# - PUBLICATION, DISTRIBUTION, ETC. (IMPRINT) |
| Place of publication |
Piscataway, NJ |
| Name of publisher |
IEEE |
| Year of publication |
2014 |
| 300 ## - PHYSICAL DESCRIPTION |
| Number of Pages |
XII, 386 S. |
| Other physical details |
Ill., graph. Darst |
| 500 ## - GENERAL NOTE |
| General note |
Co-located with 27th Canadian Conference on Artificial Intelligence (AI 2014) and the 40th Graphics Interface Conference (GI 2014) |
| 500 ## - GENERAL NOTE |
| General note |
Literaturangaben |
| 700 1# - ADDED ENTRY--PERSONAL NAME |
| Personal name |
Meger, Dave |
| 710 2# - ADDED ENTRY--CORPORATE NAME |
| Corporate name or jurisdiction name as entry element |
Canadian Image Processing and Pattern Recognition Society |
| 856 41 - ELECTRONIC LOCATION AND ACCESS |
| Uniform Resource Identifier |
http://www.gbv.de/dms/tib-ub-hannover/819804711.pdf |
| 942 ## - ADDED ENTRY ELEMENTS (KOHA) |
| Koha item type |
សៀវភៅភាសាអង់គ្លេស |
| 952 ## - LOCATION AND ITEM INFORMATION (KOHA) |
| Withdrawn status [LOCAL, KOHA] |
0 |